LIBRARY & INFORMATION CENTRE, KCAET, TAVANUR

ONLINE PUBLIC ACCESS CATALOGUE (OPAC)

Emerging trends in watershed management / (Record no. 13752)

MARC details
000 -LEADER
fixed length control field 00718cam a22002055a 4500
020 ## - INTERNATIONAL STANDARD BOOK NUMBER
ISBN 9788189304737
020 ## - INTERNATIONAL STANDARD BOOK NUMBER
ISBN 8189304739
082 04 - DEWEY DECIMAL CLASSIFICATION NUMBER
Classification number 627.50954
Item number YAD/EM
245 10 - TITLE STATEMENT
Title Emerging trends in watershed management /
260 ## - PUBLICATION, DISTRIBUTION, ETC. (IMPRINT)
Place of publication Delhi :
Name of publisher Satish Serial Pub. House,
Year of publication 2010.
300 ## - PHYSICAL DESCRIPTION
Number of Pages xx, 769 p. :
Other physical details ill., maps ;
520 ## - SUMMARY, ETC.
Summary, etc Papers presented at a Conference on "Environmental and Livelihood Security through Resource Management in Northern India, held at Chandigarh during 29-31 October 2007.
650 #0 - SUBJECT ADDED ENTRY--TOPICAL TERM
Topical Term Watershed management
650 #0 - SUBJECT ADDED ENTRY--TOPICAL TERM
Topical Term Watershed management
650 #0 - SUBJECT ADDED ENTRY--TOPICAL TERM
Topical Term Natural resources
650 #0 - SUBJECT ADDED ENTRY--TOPICAL TERM
Topical Term Water harvesting
650 #0 - SUBJECT ADDED ENTRY--TOPICAL TERM
Topical Term Sustainable development
700 1# - ADDED ENTRY--PERSONAL NAME
Personal name Yadav, R. P.
942 ## - ADDED ENTRY ELEMENTS (KOHA)
Koha item type Books
Holdings
Withdrawn status Lost status Damaged status Collection code Home library Current library Shelving location Date acquired Source of acquisition Cost, normal purchase price Full call number Accession Number Koha item type
      Reference KAUAET KAUAET Reference 31/03/2012 International Books & Periodicals Supply Service, Delhi 2995.00 627.50954 YAD/EM 23418 Reference
free website counter